[Event "DEM U14 2020"]
[Site "Willingen GER"]
[Date "2020.10.21"]
[Round "3"]
[White "Eilenberg, Jonas"]
[Black "Schubert, Nikita"]
[Result "1-0"]
[Termination "normal"]
[Board "5"]
[WhiteElo "2242"]
[BlackElo "1946"]
[WhiteClock "01:02:46"]
[BlackClock "00:07:53"]
[PlyCount "49"]
[WhiteFideId "16204271"]
[BlackFideId "16212339"]
[EventCountry "GER"]
[EventRounds "7"]
[EventType "swiss"]
[EventDate "2020.10.19"]

1. d4 {[%clk 1:30:57]} Nf6 {[%clk 1:30:52]} 2. c4 {[%clk 1:31:24]} e6 {[%clk
1:31:14]} 3. Nc3 {[%clk 1:31:49]} Bb4 {[%clk 1:31:38]} 4. Bd2 {[%clk 1:32:15]}
O-O {[%clk 1:31:45]} 5. e3 {[%clk 1:32:40]} d5 {[%clk 1:31:54]} 6. Nf3 {[%clk
1:33:04]} b6 {[%clk 1:31:35]} 7. cxd5 {[%clk 1:33:29]} exd5 {[%clk 1:31:37]} 8.
Rc1 {[%clk 1:33:56]} Bb7 {[%clk 1:28:11]} 9. Bd3 {[%clk 1:34:07]} a6 {[%clk
1:24:22]} 10. Ne5 {[%clk 1:32:47]} Bd6 {[%clk 1:19:52]} 11. f4 {[%clk 1:31:33]}
Ne4 {[%clk 1:16:46]} 12. Nxe4 {[%clk 1:31:40]} dxe4 {[%clk 1:15:52]} 13. Bc4
{[%clk 1:32:02]} Nd7 {[%clk 1:03:09]} 14. O-O {[%clk 1:30:09]} Qe7 {[%clk
1:00:44]} 15. Be1 {[%clk 1:23:59]} b5 {[%clk 0:47:48]} 16. Bb3 {[%clk 1:23:48]}
Nb6 {[%clk 0:43:54]} 17. Qh5 {[%clk 1:19:52]} Bxe5 {[%clk 0:34:41]} 18. fxe5
{[%clk 1:20:12]} Bd5 {[%clk 0:33:43]} 19. Bh4 {[%clk 1:18:24]} Qe6 {[%clk
0:22:22]} 20. Rf6 {[%clk 1:04:11]} gxf6 {[%clk 0:17:17]} 21. Bxf6 {[%clk
1:04:36]} Rfc8 {[%clk 0:17:12]} 22. Bd1 {[%clk 1:05:00]} Kf8 {[%clk 0:10:12]}
23. Bg4 {[%clk 1:05:17]} Ke8 {[%clk 0:07:40]} 24. Bxe6 {[%clk 1:02:27]} Bxe6
{[%clk 0:07:53]} 25. Qxh7 {[%clk 1:02:46]} 1-0

[Event "DEM U14 2020"]
[Site "Willingen GER"]
[Date "2020.10.21"]
[Round "3"]
[White "Hommer, Jeremy"]
[Black "Costa, Leonardo"]
[Result "0-1"]
[Termination "normal"]
[Board "6"]
[WhiteElo "2246"]
[BlackElo "2165"]
[WhiteClock "00:25:28"]
[BlackClock "00:44:15"]
[PlyCount "98"]
[WhiteFideId "12992577"]
[BlackFideId "16213955"]
[EventCountry "GER"]
[EventRounds "7"]
[EventType "swiss"]
[EventDate "2020.10.19"]

1. e4 {[%clk 1:30:57]} e5 {[%clk 1:30:53]} 2. Nf3 {[%clk 1:31:21]} Nc6 {[%clk
1:31:19]} 3. Bc4 {[%clk 1:31:45]} Bc5 {[%clk 1:31:45]} 4. c3 {[%clk 1:32:09]}
Nf6 {[%clk 1:32:12]} 5. d3 {[%clk 1:32:34]} d6 {[%clk 1:32:35]} 6. O-O {[%clk
1:32:23]} a6 {[%clk 1:32:58]} 7. Bb3 {[%clk 1:32:50]} Ba7 {[%clk 1:33:23]} 8.
Nbd2 {[%clk 1:33:04]} h6 {[%clk 1:33:46]} 9. Nc4 {[%clk 1:21:35]} g5 {[%clk
1:27:35]} 10. Re1 {[%clk 1:17:56]} g4 {[%clk 1:20:47]} 11. Nfd2 {[%clk
1:17:54]} Nh5 {[%clk 1:09:12]} 12. Nf1 {[%clk 1:11:48]} Qf6 {[%clk 1:02:55]}
13. Be3 {[%clk 1:09:15]} Nf4 {[%clk 1:03:11]} 14. Bxa7 {[%clk 1:05:17]} Rxa7
{[%clk 0:53:24]} 15. Nce3 {[%clk 1:01:21]} Ne7 {[%clk 0:53:01]} 16. Nd5 {[%clk
0:53:08]} Nexd5 {[%clk 0:52:54]} 17. exd5 {[%clk 0:51:21]} Qg5 {[%clk 0:44:40]}
18. d4 {[%clk 0:47:27]} f6 {[%clk 0:43:24]} 19. Re3 {[%clk 0:46:52]} O-O {[%clk
0:39:57]} 20. c4 {[%clk 0:37:50]} Bf5 {[%clk 0:36:52]} 21. Ng3 {[%clk 0:29:10]}
Bg6 {[%clk 0:36:09]} 22. c5 {[%clk 0:27:02]} Raa8 {[%clk 0:33:00]} 23. Bc4 Kh8
{[%clk 0:28:42]} 24. dxe5 {[%clk 0:17:35]} fxe5 {[%clk 0:29:06]} 25. cxd6
{[%clk 0:17:50]} cxd6 {[%clk 0:29:08]} 26. Bf1 {[%clk 0:17:52]} Rac8 {[%clk
0:26:51]} 27. Ne2 {[%clk 0:14:59]} Rc2 {[%clk 0:24:32]} 28. Nxf4 {[%clk
0:12:30]} Qxf4 {[%clk 0:24:50]} 29. Re2 {[%clk 0:12:53]} Rfc8 {[%clk 0:24:36]}
30. Qe1 {[%clk 0:08:21]} Rc1 {[%clk 0:19:41]} 31. Rxc1 {[%clk 0:08:25]} Rxc1
{[%clk 0:20:03]} 32. Qd2 {[%clk 0:08:29]} Qxd2 {[%clk 0:20:19]} 33. Rxd2 {[%clk
0:08:58]} Be4 {[%clk 0:20:42]} 34. f3 {[%clk 0:06:52]} gxf3 {[%clk 0:21:06]}
35. gxf3 {[%clk 0:06:42]} Bxf3 {[%clk 0:21:31]} 36. Kf2 {[%clk 0:07:02]} Be4
{[%clk 0:19:26]} 37. Bh3 {[%clk 0:07:07]} a5 {[%clk 0:19:04]} 38. Ke3 {[%clk
0:05:46]} Rc2 {[%clk 0:17:57]} 39. Rxc2 {[%clk 0:04:11]} Bxc2 {[%clk 0:18:22]}
40. Kd2 {[%clk 0:00:40]} Be4 {[%clk 0:17:31]} 41. Be6 {[%clk 0:00:58]} Kg7
{[%clk 0:17:53]} 42. Kc3 {[%clk 0:29:45]} Kf6 {[%clk 0:45:35]} 43. Kc4 {[%clk
0:27:20]} Bf5 {[%clk 0:44:32]} 44. Bg8 {[%clk 0:26:38]} Kg7 {[%clk 0:44:28]}
45. Be6 {[%clk 0:26:58]} Bxe6 {[%clk 0:44:53]} 46. dxe6 {[%clk 0:27:16]} e4
{[%clk 0:43:04]} 47. Kd4 {[%clk 0:25:06]} d5 {[%clk 0:43:26]} 48. Kxd5 {[%clk
0:25:03]} e3 {[%clk 0:43:51]} 49. e7 {[%clk 0:25:28]} Kf7 {[%clk 0:44:15]} 0-1

[Event "DEM U14 2020"]
[Site "Willingen GER"]
[Date "2020.10.21"]
[Round "3"]
[White "Bungarten, Jona"]
[Black "Hecht, Jonas Christian"]
[Result "0-1"]
[Termination "normal"]
[Board "7"]
[WhiteElo "1834"]
[BlackElo "1764"]
[WhiteClock "00:30:25"]
[BlackClock "00:13:56"]
[PlyCount "84"]
[WhiteFideId "16223608"]
[BlackFideId "16214846"]
[EventCountry "GER"]
[EventRounds "7"]
[EventType "swiss"]
[EventDate "2020.10.19"]

1. e4 {[%clk 1:30:58]} c5 {[%clk 1:30:55]} 2. d4 {[%clk 1:31:07]} cxd4 {[%clk
1:31:20]} 3. c3 {[%clk 1:31:34]} dxc3 {[%clk 1:31:45]} 4. Nxc3 {[%clk 1:32:00]}
e6 {[%clk 1:32:09]} 5. Nf3 {[%clk 1:32:24]} Nc6 {[%clk 1:32:26]} 6. Bc4 {[%clk
1:32:47]} a6 {[%clk 1:32:48]} 7. O-O {[%clk 1:33:09]} Nge7 {[%clk 1:33:04]} 8.
Bg5 {[%clk 1:33:32]} h6 {[%clk 1:33:29]} 9. Be3 {[%clk 1:33:57]} Ng6 {[%clk
1:33:48]} 10. Bb3 {[%clk 1:34:04]} Be7 {[%clk 1:33:25]} 11. Na4 {[%clk
1:31:04]} O-O {[%clk 1:30:57]} 12. Nb6 {[%clk 1:28:46]} Rb8 {[%clk 1:30:55]}
13. Qe2 {[%clk 1:27:29]} d6 {[%clk 1:26:49]} 14. Rfd1 {[%clk 1:26:37]} Bd7
{[%clk 1:25:15]} 15. Rac1 {[%clk 1:18:52]} Nge5 {[%clk 1:23:34]} 16. Nxe5
{[%clk 1:18:29]} Nxe5 {[%clk 1:23:42]} 17. f4 {[%clk 1:17:54]} Bb5 {[%clk
1:23:20]} 18. Qc2 {[%clk 1:13:48]} Nd7 {[%clk 1:17:13]} 19. Qf2 {[%clk
1:10:22]} Bc6 {[%clk 1:05:45]} 20. Nxd7 {[%clk 1:08:35]} Qxd7 {[%clk 1:05:37]}
21. e5 {[%clk 1:08:56]} d5 {[%clk 1:05:08]} 22. Bc2 {[%clk 1:09:04]} f5 {[%clk
0:58:54]} 23. exf6 {[%clk 1:08:36]} Bxf6 {[%clk 0:57:12]} 24. Qg3 {[%clk
1:06:54]} Qe8 {[%clk 0:45:44]} 25. Ba7 {[%clk 1:02:39]} Rc8 {[%clk 0:42:25]}
26. Qd3 {[%clk 0:57:41]} g6 {[%clk 0:39:05]} 27. Qg3 {[%clk 0:53:00]} Kh7
{[%clk 0:37:02]} 28. Bc5 {[%clk 0:46:30]} Rg8 {[%clk 0:36:10]} 29. Be3 {[%clk
0:40:59]} Bxb2 {[%clk 0:32:50]} 30. Rb1 {[%clk 0:41:17]} Bf6 {[%clk 0:32:41]}
31. Qh3 {[%clk 0:38:07]} Bg7 {[%clk 0:30:10]} 32. Re1 {[%clk 0:36:33]} Bb5
{[%clk 0:26:53]} 33. Bd1 {[%clk 0:35:05]} Rc3 {[%clk 0:23:56]} 34. Rb3 {[%clk
0:32:26]} Qc6 {[%clk 0:22:07]} 35. Qg4 {[%clk 0:31:32]} Rxb3 {[%clk 0:18:30]}
36. Bxb3 {[%clk 0:31:49]} Qc3 {[%clk 0:18:45]} 37. Bf2 {[%clk 0:31:21]} Bd7
{[%clk 0:15:04]} 38. Bxd5 {[%clk 0:29:50]} Bd4 {[%clk 0:13:10]} 39. Rf1 {[%clk
0:29:54]} Bxf2+ {[%clk 0:12:55]} 40. Rxf2 {[%clk 0:30:16]} Qa1+ {[%clk
0:13:23]} 41. Rf1 {[%clk 0:30:25]} Qd4+ {[%clk 0:13:47]} 42. Kh1 Qxd5 {[%clk
0:13:56]} 0-1

[Event "DEM U14 2020"]
[Site "Willingen GER"]
[Date "2020.10.21"]
[Round "3"]
[White "Klühs, Gustaf"]
[Black "Haack, Kevin"]
[Result "1/2-1/2"]
[Termination "normal"]
[Board "8"]
[WhiteElo "1827"]
[BlackElo "2209"]
[WhiteClock "00:15:56"]
[BlackClock "00:03:32"]
[PlyCount "140"]
[WhiteFideId "16228936"]
[BlackFideId "16228715"]
[EventCountry "GER"]
[EventRounds "7"]
[EventType "swiss"]
[EventDate "2020.10.19"]

1. d4 {[%clk 1:30:56]} d5 {[%clk 1:30:55]} 2. c4 {[%clk 1:31:16]} e6 {[%clk
1:31:21]} 3. Nf3 {[%clk 1:31:43]} Nf6 {[%clk 1:31:46]} 4. g3 {[%clk 1:32:10]}
Be7 {[%clk 1:32:10]} 5. Bg2 {[%clk 1:32:35]} O-O {[%clk 1:32:36]} 6. O-O {[%clk
1:33:01]} c6 {[%clk 1:33:04]} 7. Nbd2 {[%clk 1:33:27]} b6 {[%clk 1:33:28]} 8.
Qc2 {[%clk 1:33:52]} Bb7 {[%clk 1:33:55]} 9. e4 {[%clk 1:34:12]} Na6 {[%clk
1:34:21]} 10. cxd5 {[%clk 1:30:05]} exd5 {[%clk 1:34:36]} 11. e5 {[%clk
1:30:17]} Nd7 {[%clk 1:34:58]} 12. Re1 {[%clk 1:23:45]} c5 {[%clk 1:24:41]} 13.
a3 {[%clk 1:18:36]} Nc7 {[%clk 1:23:49]} 14. Nf1 {[%clk 1:01:18]} Ne6 {[%clk
1:23:13]} 15. Be3 {[%clk 1:00:58]} Rc8 {[%clk 1:22:18]} 16. Qd2 {[%clk
0:59:38]} Nb8 {[%clk 1:17:06]} 17. g4 {[%clk 0:52:47]} Qd7 {[%clk 1:10:00]} 18.
h3 {[%clk 0:50:47]} Rfd8 {[%clk 1:07:17]} 19. Ng3 {[%clk 0:45:15]} g6 {[%clk
1:05:40]} 20. Rac1 {[%clk 0:28:53]} Nc6 {[%clk 1:02:30]} 21. Ne2 {[%clk
0:19:40]} Na5 {[%clk 1:00:08]} 22. Rc3 {[%clk 0:14:54]} Nc4 {[%clk 0:49:33]}
23. Qc1 {[%clk 0:14:37]} Qb5 {[%clk 0:47:35]} 24. Rc2 {[%clk 0:10:54]} Qb3
{[%clk 0:42:21]} 25. Nd2 {[%clk 0:10:32]} Nxd2 {[%clk 0:42:24]} 26. Qxd2 {[%clk
0:10:17]} Ba6 {[%clk 0:37:04]} 27. Rec1 {[%clk 0:07:05]} Bc4 {[%clk 0:29:37]}
28. f4 {[%clk 0:03:34]} Bxe2 {[%clk 0:20:50]} 29. Qxe2 {[%clk 0:03:57]} Qa4
{[%clk 0:20:55]} 30. Qd2 {[%clk 0:01:18]} Rb8 {[%clk 0:17:14]} 31. dxc5 {[%clk
0:00:51]} d4 {[%clk 0:12:03]} 32. Bf2 {[%clk 0:00:56]} bxc5 {[%clk 0:11:32]}
33. h4 {[%clk 0:00:51]} d3 {[%clk 0:08:22]} 34. Rc4 {[%clk 0:01:17]} Qb3 {[%clk
0:08:06]} 35. f5 {[%clk 0:01:38]} Nd4 {[%clk 0:07:46]} 36. Bxd4 {[%clk
0:01:57]} Rxd4 {[%clk 0:07:54]} 37. Rxd4 {[%clk 0:02:21]} cxd4 {[%clk 0:08:19]}
38. f6 {[%clk 0:02:38]} Bf8 {[%clk 0:08:15]} 39. Be4 {[%clk 0:02:38]} Qxb2
{[%clk 0:06:39]} 40. Qxb2 {[%clk 0:03:00]} Rxb2 {[%clk 0:07:05]} 41. Bxd3
{[%clk 0:02:46]} Rd2 {[%clk 0:23:20]} 42. Bc4 {[%clk 0:28:17]} d3 {[%clk
0:13:10]} 43. Bb3 {[%clk 0:18:43]} Rb2 {[%clk 0:06:29]} 44. e6 {[%clk 0:15:57]}
Rxb3 {[%clk 0:02:55]} 45. e7 {[%clk 0:16:11]} Rb8 {[%clk 0:03:12]} 46. Rd1
{[%clk 0:15:19]} Bxe7 {[%clk 0:03:04]} 47. fxe7 {[%clk 0:15:31]} Re8 {[%clk
0:03:32]} 48. Rxd3 {[%clk 0:15:24]} Rxe7 {[%clk 0:03:59]} 49. Rd4 {[%clk
0:15:43]} Rb7 {[%clk 0:03:14]} 50. Ra4 {[%clk 0:15:57]} Kf8 {[%clk 0:03:39]}
51. Kf2 {[%clk 0:16:20]} Ke7 {[%clk 0:04:05]} 52. Kf3 {[%clk 0:16:42]} Kd6
{[%clk 0:04:20]} 53. Kf4 {[%clk 0:16:17]} f6 {[%clk 0:04:12]} 54. Ra6+ {[%clk
0:16:42]} Ke7 {[%clk 0:04:38]} 55. Ke4 {[%clk 0:16:55]} Kf7 {[%clk 0:04:40]}
56. Kf4 {[%clk 0:17:15]} Re7 {[%clk 0:04:30]} 57. Kf3 {[%clk 0:17:31]} Kg7
{[%clk 0:04:53]} 58. Kf4 {[%clk 0:17:56]} Rf7 {[%clk 0:05:12]} 59. Kg3 {[%clk
0:17:50]} Kf8 {[%clk 0:04:24]} 60. Kh3 {[%clk 0:17:50]} Ke8 {[%clk 0:04:40]}
61. Kg3 {[%clk 0:16:45]} Kd8 {[%clk 0:05:03]} 62. h5 {[%clk 0:16:33]} Kc8
{[%clk 0:05:01]} 63. hxg6 {[%clk 0:16:50]} hxg6 {[%clk 0:05:29]} 64. Kf4 {[%clk
0:15:43]} Kb7 {[%clk 0:05:11]} 65. Re6 {[%clk 0:16:04]} a5 {[%clk 0:04:50]} 66.
Ke3 {[%clk 0:16:03]} Rf8 {[%clk 0:04:46]} 67. Kd4 {[%clk 0:16:12]} Rf7 {[%clk
0:04:38]} 68. Ke3 {[%clk 0:16:34]} Ka7 {[%clk 0:05:04]} 69. Kd4 {[%clk
0:16:41]} Rd7+ {[%clk 0:05:11]} 70. Kc4 {[%clk 0:15:56]} Rf7 {[%clk 0:03:32]}
1/2-1/2

[Event "DEM U14 2020"]
[Site "Willingen GER"]
[Date "2020.10.21"]
[Round "3"]
[White "Hagner, Bennet"]
[Black "Rempe, Jonas"]
[Result "1/2-1/2"]
[Termination "normal"]
[Board "9"]
[WhiteElo "2080"]
[BlackElo "1925"]
[WhiteClock "00:29:12"]
[BlackClock "00:15:14"]
[PlyCount "85"]
[WhiteFideId "16224477"]
[BlackFideId "16202406"]
[EventCountry "GER"]
[EventRounds "7"]
[EventType "swiss"]
[EventDate "2020.10.19"]

1. e4 {[%clk 1:30:57]} c5 {[%clk 1:30:50]} 2. Nf3 {[%clk 1:31:22]} e6 {[%clk
1:31:16]} 3. d4 {[%clk 1:31:44]} cxd4 {[%clk 1:31:40]} 4. Nxd4 {[%clk 1:32:10]}
Nf6 {[%clk 1:32:05]} 5. Nc3 {[%clk 1:32:15]} Nc6 {[%clk 1:32:29]} 6. Ndb5
{[%clk 1:32:26]} d6 {[%clk 1:32:52]} 7. Bf4 {[%clk 1:32:51]} e5 {[%clk
1:33:13]} 8. Bg5 {[%clk 1:33:17]} a6 {[%clk 1:33:27]} 9. Na3 {[%clk 1:33:41]}
b5 {[%clk 1:33:54]} 10. Nd5 {[%clk 1:34:03]} Be7 {[%clk 1:34:01]} 11. Bxf6
{[%clk 1:34:25]} Bxf6 {[%clk 1:34:26]} 12. c3 {[%clk 1:34:47]} Bg5 {[%clk
1:34:47]} 13. Nc2 {[%clk 1:35:07]} Ne7 {[%clk 1:34:58]} 14. h4 {[%clk 1:34:24]}
Bh6 {[%clk 1:27:52]} 15. a4 {[%clk 1:27:56]} bxa4 {[%clk 1:23:44]} 16. Ncb4
{[%clk 1:25:54]} O-O {[%clk 1:06:05]} 17. Rxa4 {[%clk 1:18:51]} a5 {[%clk
0:58:11]} 18. Nxe7+ {[%clk 1:18:11]} Qxe7 {[%clk 0:58:36]} 19. Nd5 {[%clk
1:17:18]} Qd8 {[%clk 0:58:46]} 20. Bc4 {[%clk 1:16:13]} Kh8 {[%clk 0:53:45]}
21. g4 {[%clk 1:07:36]} g6 {[%clk 0:40:42]} 22. b3 {[%clk 1:00:07]} Bg7 {[%clk
0:33:35]} 23. g5 {[%clk 0:49:58]} f5 {[%clk 0:31:28]} 24. f3 {[%clk 0:40:26]}
h5 {[%clk 0:23:59]} 25. Qd2 {[%clk 0:32:08]} fxe4 {[%clk 0:16:25]} 26. fxe4
{[%clk 0:32:26]} Bg4 {[%clk 0:16:54]} 27. Be2 {[%clk 0:31:34]} Be6 {[%clk
0:16:46]} 28. Rf1 {[%clk 0:28:58]} Rxf1+ {[%clk 0:13:27]} 29. Kxf1 {[%clk
0:26:48]} Rb8 {[%clk 0:13:47]} 30. Bc4 {[%clk 0:26:10]} Bxd5 {[%clk 0:13:35]}
31. Bxd5 {[%clk 0:24:07]} Qb6 {[%clk 0:13:57]} 32. Kg2 {[%clk 0:13:49]} Rf8
{[%clk 0:14:11]} 33. Rc4 {[%clk 0:11:59]} Rf4 {[%clk 0:12:22]} 34. Rc8+ {[%clk
0:09:37]} Bf8 {[%clk 0:12:42]} 35. Qxf4 {[%clk 0:05:08]} exf4 {[%clk 0:13:08]}
36. Rxf8+ {[%clk 0:05:30]} Kg7 {[%clk 0:13:33]} 37. Rf7+ {[%clk 0:05:40]} Kh8
{[%clk 0:14:00]} 38. Rf8+ {[%clk 0:04:36]} Kh7 {[%clk 0:14:09]} 39. Rxf4 {[%clk
0:04:42]} Qe3 {[%clk 0:14:04]} 40. Rf7+ {[%clk 0:01:52]} Kh8 {[%clk 0:14:26]}
41. Rf8+ {[%clk 0:00:45]} Kh7 {[%clk 0:14:50]} 42. Rf7+ {[%clk 0:01:08]} Kh8
{[%clk 0:15:14]} 43. Rf8+ {[%clk 0:29:12]} 1/2-1/2

[Event "DEM U14 2020"]
[Site "Willingen GER"]
[Date "2020.10.21"]
[Round "3"]
[White "Foerster-Yialamas, Lucas"]
[Black "Fuhrmann, Bahne"]
[Result "1-0"]
[Termination "normal"]
[Board "10"]
[WhiteTitle "CM"]
[WhiteElo "2033"]
[BlackElo "1816"]
[WhiteClock "00:11:24"]
[BlackClock "00:01:05"]
[PlyCount "77"]
[WhiteFideId "30901774"]
[BlackFideId "16244842"]
[EventCountry "GER"]
[EventRounds "7"]
[EventType "swiss"]
[EventDate "2020.10.19"]

1. e4 {[%clk 1:31:00]} e5 {[%clk 1:30:52]} 2. Nf3 {[%clk 1:31:30]} Nc6 {[%clk
1:31:15]} 3. Bb5 {[%clk 1:31:58]} a6 {[%clk 1:31:36]} 4. Ba4 {[%clk 1:32:23]}
Nf6 {[%clk 1:31:57]} 5. O-O {[%clk 1:32:47]} Bc5 {[%clk 1:32:07]} 6. Nxe5
{[%clk 1:32:54]} Nxe5 {[%clk 1:29:10]} 7. d4 {[%clk 1:33:19]} Bxd4 {[%clk
1:26:39]} 8. Qxd4 {[%clk 1:33:47]} Nc6 {[%clk 1:26:50]} 9. Bxc6 {[%clk
1:33:06]} bxc6 {[%clk 1:26:22]} 10. e5 {[%clk 1:31:28]} Nd5 {[%clk 1:26:18]}
11. Qg4 {[%clk 1:30:12]} Ne7 {[%clk 1:14:11]} 12. Qxg7 {[%clk 1:28:25]} Rg8
{[%clk 1:14:16]} 13. Qxh7 {[%clk 1:27:15]} d5 {[%clk 1:14:13]} 14. exd6 {[%clk
1:22:08]} Qxd6 {[%clk 1:12:17]} 15. Re1 {[%clk 1:20:17]} Be6 {[%clk 1:12:06]}
16. Nc3 {[%clk 1:07:10]} O-O-O {[%clk 1:05:11]} 17. Qd3 {[%clk 1:04:50]} Qb4
{[%clk 0:51:31]} 18. Qxa6+ {[%clk 0:52:04]} Kb8 {[%clk 0:51:49]} 19. Re4 {[%clk
0:50:29]} Rd1+ {[%clk 0:43:17]} 20. Nxd1 {[%clk 0:50:43]} Qxe4 {[%clk 0:43:41]}
21. Ne3 {[%clk 0:45:48]} Nf5 {[%clk 0:17:57]} 22. f3 {[%clk 0:28:09]} Qxf3
{[%clk 0:15:03]} 23. Qf1 {[%clk 0:28:15]} Qe4 {[%clk 0:14:41]} 24. Nxf5 {[%clk
0:28:28]} Bxf5 {[%clk 0:14:43]} 25. Qf2 {[%clk 0:27:09]} Bh3 {[%clk 0:13:37]}
26. g3 {[%clk 0:27:28]} Rg6 {[%clk 0:09:59]} 27. Bf4 {[%clk 0:25:59]} Re6
{[%clk 0:08:02]} 28. Qb6+ {[%clk 0:24:54]} Ka8 {[%clk 0:08:06]} 29. Qa5+ {[%clk
0:25:17]} Kb7 {[%clk 0:08:04]} 30. Qxc7+ {[%clk 0:25:40]} Ka6 {[%clk 0:08:22]}
31. Qc8+ {[%clk 0:25:31]} Kb6 {[%clk 0:03:14]} 32. Qd8+ {[%clk 0:20:35]} Kb7
{[%clk 0:02:11]} 33. Qd7+ {[%clk 0:20:53]} Kb6 {[%clk 0:02:03]} 34. Qd2 {[%clk
0:18:52]} Re7 {[%clk 0:01:22]} 35. Rd1 {[%clk 0:18:16]} c5 {[%clk 0:01:00]} 36.
Qd6+ {[%clk 0:14:54]} Kb5 {[%clk 0:00:50]} 37. a4+ {[%clk 0:14:14]} Qxa4 {[%clk
0:01:00]} 38. Qxe7 {[%clk 0:11:48]} Qxc2 {[%clk 0:01:05]} 39. Qb7+ {[%clk
0:11:24]} 1-0

[Event "DEM U14 2020"]
[Site "Willingen GER"]
[Date "2020.10.21"]
[Round "3"]
[White "Ohler, Julius"]
[Black "Schwartz, Oliver"]
[Result "1-0"]
[Termination "normal"]
[Board "11"]
[WhiteElo "2011"]
[BlackElo "1794"]
[WhiteClock "01:14:32"]
[BlackClock "00:08:41"]
[PlyCount "51"]
[WhiteFideId "16238982"]
[BlackFideId "16207459"]
[EventCountry "GER"]
[EventRounds "7"]
[EventType "swiss"]
[EventDate "2020.10.19"]

1. c4 {[%clk 1:30:59]} Nf6 {[%clk 1:30:48]} 2. Nc3 {[%clk 1:31:20]} g6 {[%clk
1:30:49]} 3. g3 {[%clk 1:31:45]} Bg7 {[%clk 1:31:03]} 4. Bg2 {[%clk 1:32:10]}
O-O {[%clk 1:30:36]} 5. e4 {[%clk 1:29:28]} d6 {[%clk 1:28:09]} 6. Nge2 {[%clk
1:29:37]} c5 {[%clk 1:23:36]} 7. d3 {[%clk 1:29:54]} Nc6 {[%clk 1:21:41]} 8.
O-O {[%clk 1:30:15]} e5 {[%clk 1:10:30]} 9. f4 {[%clk 1:29:49]} Ne8 {[%clk
1:07:38]} 10. f5 {[%clk 1:28:18]} Rb8 {[%clk 1:01:56]} 11. g4 {[%clk 1:26:11]}
f6 {[%clk 0:52:14]} 12. h4 {[%clk 1:24:54]} Nc7 {[%clk 0:47:00]} 13. Ng3 {[%clk
1:21:08]} Nd4 {[%clk 0:44:46]} 14. Nce2 {[%clk 1:18:36]} b5 {[%clk 0:43:13]}
15. Nxd4 {[%clk 1:18:25]} cxd4 {[%clk 0:43:24]} 16. b3 {[%clk 1:18:43]} Na6
{[%clk 0:40:09]} 17. g5 {[%clk 1:18:01]} Nc5 {[%clk 0:38:20]} 18. fxg6 {[%clk
1:17:22]} hxg6 {[%clk 0:38:14]} 19. h5 {[%clk 1:17:30]} Qe8 {[%clk 0:33:22]}
20. hxg6 {[%clk 1:14:54]} Qxg6 {[%clk 0:32:02]} 21. Nf5 {[%clk 1:15:10]} Bxf5
{[%clk 0:23:11]} 22. exf5 {[%clk 1:15:21]} Qh7 {[%clk 0:23:15]} 23. Bd5+ {[%clk
1:15:34]} Kh8 {[%clk 0:22:15]} 24. g6 {[%clk 1:14:37]} Qh4 {[%clk 0:17:56]} 25.
Kg2 {[%clk 1:14:25]} Nxd3 {[%clk 0:08:41]} 26. Rh1 {[%clk 1:14:32]} 1-0

[Event "DEM U14 2020"]
[Site "Willingen GER"]
[Date "2020.10.21"]
[Round "3"]
[White "Kageler, Anton Paul"]
[Black "Chassard, Cedric"]
[Result "0-1"]
[Termination "normal"]
[Board "12"]
[WhiteElo "1664"]
[BlackElo "1916"]
[WhiteClock "00:01:42"]
[BlackClock "00:13:47"]
[PlyCount "94"]
[WhiteFideId "16244850"]
[BlackFideId "16243536"]
[EventCountry "GER"]
[EventRounds "7"]
[EventType "swiss"]
[EventDate "2020.10.19"]

1. e4 {[%clk 1:30:56]} e5 {[%clk 1:30:57]} 2. Nf3 {[%clk 1:31:14]} Nc6 {[%clk
1:31:25]} 3. Bb5 {[%clk 1:31:26]} a6 {[%clk 1:31:53]} 4. Ba4 {[%clk 1:31:41]}
Nf6 {[%clk 1:32:20]} 5. d3 {[%clk 1:31:51]} b5 {[%clk 1:32:29]} 6. Bb3 {[%clk
1:32:09]} Be7 {[%clk 1:32:53]} 7. O-O {[%clk 1:32:15]} O-O {[%clk 1:33:21]} 8.
Re1 {[%clk 1:32:09]} d6 {[%clk 1:33:44]} 9. a4 {[%clk 1:32:11]} b4 {[%clk
1:29:24]} 10. a5 {[%clk 1:32:13]} Rb8 {[%clk 1:27:38]} 11. Nbd2 {[%clk
1:32:11]} Bg4 {[%clk 1:22:23]} 12. h3 {[%clk 1:31:22]} Bxf3 {[%clk 1:19:50]}
13. Nxf3 {[%clk 1:31:28]} Nd7 {[%clk 1:12:59]} 14. c3 {[%clk 1:24:44]} bxc3
{[%clk 1:00:26]} 15. bxc3 {[%clk 1:24:04]} Nc5 {[%clk 1:00:20]} 16. Bd5 {[%clk
1:22:11]} Qd7 {[%clk 0:56:12]} 17. d4 {[%clk 1:21:16]} exd4 {[%clk 0:55:56]}
18. cxd4 {[%clk 1:21:14]} Nb7 {[%clk 0:54:26]} 19. Bd2 {[%clk 1:03:16]} Na7
{[%clk 0:52:05]} 20. Rc1 {[%clk 0:51:07]} c6 {[%clk 0:50:39]} 21. Qa4 {[%clk
0:51:07]} Rfc8 {[%clk 0:49:02]} 22. Ba2 {[%clk 0:48:06]} Nb5 {[%clk 0:47:45]}
23. Qc4 {[%clk 0:43:43]} Nd8 {[%clk 0:39:18]} 24. Bf4 {[%clk 0:39:35]} Ne6
{[%clk 0:31:25]} 25. Bg3 {[%clk 0:39:14]} Qd8 {[%clk 0:29:53]} 26. d5 {[%clk
0:26:12]} cxd5 {[%clk 0:28:46]} 27. Qxd5 {[%clk 0:26:20]} Nc3 {[%clk 0:28:36]}
28. Qd2 {[%clk 0:26:15]} Nxa2 {[%clk 0:28:41]} 29. Qxa2 {[%clk 0:25:39]} Rc5
{[%clk 0:24:21]} 30. Rxc5 {[%clk 0:23:12]} Nxc5 {[%clk 0:24:12]} 31. Nd4 {[%clk
0:20:22]} Qd7 {[%clk 0:21:57]} 32. e5 {[%clk 0:15:31]} Rf8 {[%clk 0:18:36]} 33.
exd6 {[%clk 0:07:55]} Bxd6 {[%clk 0:18:30]} 34. Bxd6 {[%clk 0:08:05]} Qxd6
{[%clk 0:18:48]} 35. Nf5 {[%clk 0:06:43]} Qf6 {[%clk 0:18:34]} 36. Qc2 {[%clk
0:06:36]} Ne6 {[%clk 0:18:10]} 37. Rb1 {[%clk 0:04:15]} Nf4 38. Ng3 {[%clk
0:03:10]} Ng6 {[%clk 0:07:34]} 39. Qa4 {[%clk 0:01:10]} Qg5 {[%clk 0:05:57]}
40. Qb4 {[%clk 0:00:36]} Nf4 {[%clk 0:05:19]} 41. Qb6 {[%clk 0:27:00]} h5
{[%clk 0:34:26]} 42. h4 {[%clk 0:15:18]} Qxh4 {[%clk 0:33:43]} 43. Qc5 {[%clk
0:04:00]} g6 {[%clk 0:26:42]} 44. Qe3 {[%clk 0:01:51]} Qg5 {[%clk 0:24:33]} 45.
Qf3 {[%clk 0:01:41]} Re8 {[%clk 0:20:26]} 46. Rd1 {[%clk 0:01:45]} Qe5 {[%clk
0:15:23]} 47. Rc1 {[%clk 0:01:42]} h4 {[%clk 0:13:47]} 0-1